Hydrodynamics of ship propellers (Record no. 3139)

000 -LEADER
fixed length control field 00814nam a2200253 a 4500
001 - CONTROL NUMBER
control field 3139
003 - CONTROL NUMBER IDENTIFIER
control field BD-DhUET
008 - FIXED-LENGTH DATA ELEMENTS--GENERAL INFORMATION
fixed length control field 930617s1994 enka b 001 0 eng
020 ## - INTERNATIONAL STANDARD BOOK NUMBER
International Standard Book Number 9780521574709
040 ## - CATALOGING SOURCE
Original cataloging agency DLC
Transcribing agency DLC
Modifying agency BD-DhUET
082 00 - DEWEY DECIMAL CLASSIFICATION NUMBER
Classification number 626.873
Item number BRE/1994
100 1# - MAIN ENTRY--PERSONAL NAME
Personal name Breslin, John P.
245 10 - TITLE STATEMENT
Title Hydrodynamics of ship propellers
Statement of responsibility, etc. by John P. Breslin and Poul Andersen.
250 ## - EDITION STATEMENT
Edition statement 1st ed.
260 ## - PUBLICATION, DISTRIBUTION, ETC. (IMPRINT)
Place of publication, distribution, etc. Cambridge
Name of publisher, distributor, etc. Cambridge University Press,
Date of publication, distribution, etc. 1994.
300 ## - PHYSICAL DESCRIPTION
Extent xxiv, 559 p. :
Other physical details ill. ;
Dimensions 24 cm.
490 ## - SERIES STATEMENT
Series statement Cambridge ocean technology series-3
504 ## - BIBLIOGRAPHY, ETC. NOTE
Bibliography, etc Includes bibliographies.
650 #0 - SUBJECT ADDED ENTRY--TOPICAL TERM
Topical term or geographic name as entry element Propellers.
700 1# - ADDED ENTRY--PERSONAL NAME
Personal name Andersen, Poul,
856 42 - ELECTRONIC LOCATION AND ACCESS
Uniform Resource Identifier http://www.loc.gov/catdir/description/cam041/93026511.html
856 41 - ELECTRONIC LOCATION AND ACCESS
Uniform Resource Identifier http://www.loc.gov/catdir/toc/cam041/93026511.html
942 ## - ADDED ENTRY ELEMENTS (KOHA)
Koha item type General Book
Holdings
Koha item type Withdrawn status Koha full call number Not for loan Koha date last seen Damaged status Source of classification or shelving scheme Lost status Copy number Date acquired Price effective from Sublocation or collection (holding branch) Shelving location Location (home branch) Koha normalized classification for sorting Piece designation (barcode)
General Book 626.873/BRE/1994 2014-10-21   12014-10-212014-10-21Central Library, BUETCirculation sectionCentral Library, BUET626_000000000000000_873BRE1994102247
General Book 626.873/BRE/1994 2017-03-01   22014-10-212014-10-21Central Library, BUETCirculation sectionCentral Library, BUET626_000000000000000_873BRE1994102571
General Book 626.873/BRE/1994 2014-10-21   32014-10-212014-10-21Central Library, BUETCirculation sectionCentral Library, BUET626_000000000000000_873BRE1994102685
General Book 626.873/BRE/1994 2015-06-22   42015-06-222015-06-22Central Library, BUETReading sectionCentral Library, BUET626_873000000000000_BRE_199492196
General Book 626.873/BRE/1994 2015-06-23   52015-06-232015-06-23Central Library, BUETReading sectionCentral Library, BUET626_873000000000000_BRE_199492197